| 000 | 00366nam a2200145Ia 4500 | ||
|---|---|---|---|
| 005 | 20260328101440.0 | ||
| 008 | 260328s9999||||xx |||||||||||||| ||und|| | ||
| 100 | _aMarshall, Richard | ||
| 245 | 0 |
_aWaterfronts in Post-Industrial Cities / _cRichard Marshall |
|
| 250 | _a5a ed. | ||
| 260 | _bSpon Press | ||
| 300 | _a194 p. | ||
| 650 | _aDISEÑO URBANO | ||
| 942 | _cBK | ||
| 999 |
_c8222 _d8222 |
||